My favorite city in every country I've been to - Statistics

General Stats
  • This quiz has been taken 34 times
  • The average score is 13 of 20
Answer Stats
Hint Answer % Correct
Ireland Dublin
100%
Netherlands Amsterdam
97%
Israel Jerusalem
97%
Iceland Reykjavik
97%
United Arab Emirates Dubai
94%
Poland Warsaw
94%
Denmark Copenhagen
91%
Japan Tokyo
91%
China Shanghai
84%
Italy Venice
81%
Canada Vancouver
78%
Ecuador Quito
75%
Sweden Malmo
66%
Ukraine Odessa
59%
Belgium Bruges
50%
Colombia Cartagena
25%
United Kingdom Belfast
22%
United States San Diego
13%
Mexico Puerto Vallarta
9%
Philippines (U.S Base) Subic Bay
3%
No matching quizzes found
Score Distribution
Percent of People with Each Score
Percentile by Number Answered
Your Score History
You have not taken this quiz